| 000 | 00949nam a22001817a 4500 | ||
|---|---|---|---|
| 005 | 20241004131630.0 | ||
| 008 | 241004b ||||| |||| 00| 0 eng d | ||
| 040 | _cSSBUL | ||
| 041 | _aMyanmar | ||
| 082 |
_223 _a၂၉၄.၃၀၉၂ ဆွေ _b၁၃၁၉၀ S-SAT |
||
| 100 | 0 |
_aဆွေယင်းမာ(ရန်ကုန်တက္ကသိုလ်) _954868 |
|
| 245 | 1 |
_aမြတ်ဗုဒ္ဓသာသနာနှင့် ရှင်ဓမ္မဒဿီဘွဲ့ခံ ရှင်အရဟံ / _cဆွေယင်းမာ(ရန်ကုန်တက္ကသိုလ်)။ |
|
| 260 |
_aရန်ကုန် ၊ _bတူဒေးစာအုပ်တိုက်၊ _c၂၀၀၅။ |
||
| 300 |
_a၁၁၄ စာမျက်နှာ ၊ _c၂၃ စင်တီ။ |
||
| 500 | _aS-SAT: Prof. Dr. Sai Aung Tun | ||
| 650 |
_aရှင်အရဟံ _xအတ္ထုပ္ပတ္တိ _954869 |
||
| 942 |
_2ddc _cBK1 |
||
| 999 |
_c40918 _d40918 |
||